书目信息 |
| 题名: |
链斗式挖泥船专用设备修理技术要求
|
|
| 作者: | 本社编 | |
| 分册: | ||
| 出版信息: | 北京 人民交通出版社 2003.06 |
|
| 页数: | 58页 | |
| 开本: | 20cm | |
| 丛书名: | ||
| 单 册: | ||
| 中图分类: | U674.34 | |
| 科图分类: | ||
| 主题词: | 水路运输 | |
| 电子资源: | ||
| ISBN: | ||
| 000 | 00534nam0 2200181 450 | |
| 001 | 0631712578 | |
| 005 | 20061127085029.12 | |
| 010 | @dCNY0.36 | |
| 100 | @a20061127d2003 km y0chiy0120 ea | |
| 101 | 0 | @achi |
| 102 | @aCN@b110000 | |
| 200 | 1 | @a链斗式挖泥船专用设备修理技术要求@Alian dou shi wa ni chuan zhuan yong she bei xiu li ji shu yao qiu@f本社编@Fben she bian |
| 210 | @a北京@c人民交通出版社@d2003.06 | |
| 215 | @a58页@d20cm | |
| 606 | 0 | @a水路运输 |
| 690 | @aU674.34@v3 | |
| 801 | 0 | @aCN@bPFT@c20061127 |
| 905 | @a10447@dU674.34@e1 | |
| 链斗式挖泥船专用设备修理技术要求/本社编.-北京:人民交通出版社,2003.06 |
| 58页;20cm |
| ISBN :CNY0.36 |
| ● |
| 相关链接 |
|
|
|
|
正题名:链斗式挖泥船专用设备修理技术要求
索取号:U674.34/1
 
预约/预借
| 序号 | 登录号 | 条形码 | 馆藏地/架位号 | 状态 | 备注 |
| 1 | 0002818 | 001483585 | 第二样本阅览室/ [索取号:U674.34/1] | 在馆 |